| 000 | 00462nam a2200121Ia 4500 | ||
|---|---|---|---|
| 008 | 170221s9999 xx 000 0 und d | ||
| 100 | _aAnabila, Andrew A. | ||
| 245 | _aAnalysts’ activities and the timing of returns: implications for predicting returns | ||
| 245 | _cAndrew A. Anabila, University of Texas Pan American. | ||
| 260 | _bJournal of Management and Marketing Research | ||
| 650 | _xBusiness | ||
| 856 | _uhttp://www.aabri.com/manuscripts/131670.pdf | ||
| 999 |
_c307431 _d307431 |
||